| 000 | 00809cab a2200205 4500 | ||
|---|---|---|---|
| 001 | WB3120-38 | ||
| 008 | 090401t1995 xxu||||| |||| 00| 0 eng d | ||
| 035 | _a(Sirsi) u98181 | ||
| 041 | _aeng | ||
| 245 | _aIndemnity costs can be awarded | ||
| 260 | _c1995 | ||
| 350 | _a0 | ||
| 490 |
_aTimes _vTimes 25 May 1995, 32(1) |
||
| 520 | _a"McDonnell v Woodhouse & Jones and others" QBD 10 April 1995. Where a party in a personal injury case had made a written offer in a Calderbank letter to the other party and that offer was refused, when the offeror had been awarded damages in excess of the offer made, indemnity costs could be awarded by the court. (Taken from newspaper report.) | ||
| 650 | _aCALDERBANK LETTERS | ||
| 650 | _aINDEMNITY COSTS | ||
| 690 | _aLAW | ||
| 942 | _n0 | ||
| 948 | _c04/03/1997 | ||
| 999 |
_c59744 _d59744 |
||